00347nam a2200133Ia 4500003000400000008004100004020002300045040000800068100001700076245005800093260003700151300001400188365001100202LDD181029s9999 xx 000 0 und d a8175330961c500.00 cLDD aRaina, Pavan 4aThe evoloving human and the future worldcPavan Raina aNew DelhibMD publicationsc2006 axxi,178p. b500.00